Mi-maḥteret li-tseva-ha-medinah. (Record no. 34079)

MARC details
000 -LEADER
fixed length control field 00509cam a22002051i 4500
001 - CONTROL NUMBER
control field he 68004353
003 - CONTROL NUMBER IDENTIFIER
control field DLC
005 - DATE AND TIME OF LATEST TRANSACTION
control field 20260227111508.0
008 - FIXED-LENGTH DATA ELEMENTS--GENERAL INFORMATION
fixed length control field 890508s1964 is 000 0 heb
010 ## - LIBRARY OF CONGRESS CONTROL NUMBER
LC control number he 68004353
035 ## - SYSTEM CONTROL NUMBER
System control number (OCoLC)19857097
040 ## - CATALOGING SOURCE
Original cataloging agency DLC
Transcribing agency NN
Modifying agency DLC
042 ## - AUTHENTICATION CODE
Authentication code premarc
050 00 - LIBRARY OF CONGRESS CALL NUMBER
Classification number DS126
Item number .A5647
100 1# - MAIN ENTRY--PERSONAL NAME
Personal name Alon, Yehudah.
245 10 - TITLE STATEMENT
Title Mi-maḥteret li-tseva-ha-medinah.
260 ## - PUBLICATION, DISTRIBUTION, ETC.
Place of publication, distribution, etc. [Afiḳim,
Date of publication, distribution, etc. 1964]
300 ## - PHYSICAL DESCRIPTION
Extent 15 p. ;
Dimensions 17 cm.
610 20 - SUBJECT ADDED ENTRY--CORPORATE NAME
Corporate name or jurisdiction name as entry element Haganah (Organization)

No items available.

Powered by Koha